Company law : law and practice
| Main Author: | |
|---|---|
| Format: | Book |
| Published: |
New Dehli :
Deep & Deep Publications Pvt.Ltd ,
2007
|
| Subjects: |
MARC
| LEADER | 00000cam a2200000 7i4500 | ||
|---|---|---|---|
| 001 | 0000019755 | ||
| 005 | 20080619.0 | ||
| 008 | 080619 | ||
| 020 | |a 8176299286 | ||
| 090 | 0 | 0 | |a 346.066 |b JAI |
| 100 | 1 | |a Jain,N.K | |
| 245 | 1 | 0 | |a Company law : |b law and practice |c N.K.Jain |
| 260 | |a New Dehli : |b Deep & Deep Publications Pvt.Ltd , |c 2007 | ||
| 650 | 0 | |a Commercial law | |
| 650 | 0 | |a Law |x corporate | |
| 999 | |a 0001020479 |b Book |c REFERENCE |e Perbadanan Perpustakaan Awam Johor | ||